|
|
|
|
| LEADER |
00000nbm0a2200000 4500 |
| 001 |
133532 |
| 005 |
20231031135349.0 |
| 035 |
|
|
|a (RuTPU)RU\TPU\book\144726
|
| 090 |
|
|
|a 133532
|
| 100 |
|
|
|a 20080318d1971 k y0rusy50 ca
|
| 101 |
0 |
|
|a rus
|
| 102 |
|
|
|a RU
|
| 105 |
|
|
|a a m 001zy
|
| 200 |
1 |
|
|a Вопросы взаимодействия заряженных частиц с собственным полем излучения в циклическом ускорителе
|e Диссертация на соискание ученой степени кандидата физико-математических наук
|e Спец. 055
|f А. П. Привезенцев
|g Томский политехнический институт ; науч. рук. А. Н. Диденко , Г. П. Фоменко
|
| 210 |
|
|
|a Томск
|d 1971
|
| 215 |
|
|
|a 109 л.
|c ил.
|
| 320 |
|
|
|a Библиогр.: с. 102-107 (98 назв.)
|
| 610 |
1 |
|
|a диссертации
|
| 610 |
1 |
|
|a физика
|
| 610 |
1 |
|
|a космические лучи
|
| 610 |
1 |
|
|a циклические ускорители
|
| 610 |
1 |
|
|a заряженные частицы
|
| 610 |
1 |
|
|a собственное излучение
|
| 610 |
1 |
|
|a синхронное излучение
|
| 610 |
1 |
|
|a индуцированное излучение
|
| 610 |
1 |
|
|a гибридные волны
|
| 610 |
1 |
|
|a атомное ядро
|
| 675 |
|
|
|a 539.1.076.61(04)
|v 3
|
| 686 |
|
|
|a 055
|2 oksvnk
|
| 700 |
|
1 |
|a Привезенцев
|b А. П.
|
| 702 |
|
1 |
|a Диденко
|b А. Н.
|c российский ученый
|c физик
|c профессор, зав. кафедрой физико-энергетических установок ТПИ
|f 1932-
|g Андрей Николаевич
|2 stltpush
|3 (RuTPU)RU\TPU\pers\19779
|4 727
|
| 702 |
|
1 |
|a Фоменко
|b Г. П.
|4 727
|
| 712 |
0 |
2 |
|a Томский политехнический институт
|z 1944-1991
|2 stltpush
|3 (RuTPU)RU\TPU\col\1123
|
| 801 |
|
1 |
|a RU
|b 63413507
|c 20080318
|g PSBO
|
| 801 |
|
2 |
|a RU
|b 63413507
|c 20130617
|g RCR
|
| 942 |
|
|
|c BK
|